Poľnohospodárska politika a jej vplyv na rozvoj trhu s pôdou vo vybraných vidieckych regiónoch dizertačná práca

Na minha lista:
Detalhes bibliográficos
Autor principal: Medek, Ján
Autor Corporativo: Národohospodárska fakulta EU. Katedra verejnej správy a regionálneho rozvoja
Outros Autores: Bandlerová, Anna
Formato: Livro
Idioma:eslovaco
Publicado em: Bratislava 2009
Assuntos:
Tags: Adicionar Tag
Sem tags, seja o primeiro a adicionar uma tag!

MARC

LEADER 00000nam$a2200000$$$4500
001 0116594
005 20240109072243.4
041 0 |a slo 
044 |a SK 
245 1 0 |a Poľnohospodárska politika a jej vplyv na rozvoj trhu s pôdou vo vybraných vidieckych regiónoch  |b dizertačná práca  |c Ján Medek ; škol. Anna Bandlerová 
264 1 |a Bratislava  |c 2009 
300 |a 140 s. 
610 2 0 |a politika poľnohospodárska 
610 2 0 |a pôda 
610 2 0 |a trh 
100 1 |a Medek, Ján 
700 1 |a Bandlerová, Anna 
710 2 |a Národohospodárska fakulta EU. Katedra verejnej správy a regionálneho rozvoja